Hội thoại Anh-Việt: T1

Uloženo v:
Podrobná bibliografie
Hlavní autor: Nguyễn, Quốc Hùng
Médium: Kniha
Jazyk:Undetermined
Vydáno: Hà Nội ĐH và THCN 1985
Témata:
Tagy: Přidat tag
Žádné tagy, Buďte první, kdo otaguje tento záznam!
Thư viện lưu trữ: Trung tâm Học liệu Trường Đại học Cần Thơ
LEADER 00536nam a2200181Ia 4500
001 CTU_339
008 210402s9999 xx 000 0 und d
082 |a 428 
082 |b H153/T1 
100 |a Nguyễn, Quốc Hùng 
245 0 |a Hội thoại Anh-Việt: T1 
245 0 |c Nguyễn Quốc Hùng 
260 |a Hà Nội 
260 |b ĐH và THCN 
260 |c 1985 
650 |a english language - conversation and phrase books 
904 |i Minh, 960722 
980 |a Trung tâm Học liệu Trường Đại học Cần Thơ